000 00398cam a2200157ua 4500
041 _aeng
_h
082 _a306
_bYUS/GL
100 _aYousaf, Hussain .
245 _aGlimpses of midieval Indian culture /
_cHusain yousaf.
_hTextual Documents
250 _a2 /
_b.
260 _aMumbai :
_bAsia Publishing House ,
_c1962.
300 _a163 ; .
504 _a
942 _cBK
999 _c3520
_d3520